{"text_format":"3","workbook":"xlsx","n_sheets":3,"sheets":["Sheet1","Sheet2","Sheet3"],"read":"whole","date_system":"1900"}

{"sheet":"Sheet1","index":0,"n_rows":26,"n_cols":9,"rows_kept":26,"merged":[[0,0,0,8],[2,1,3,1],[4,1,5,1],[6,1,7,1],[8,1,11,1],[12,1,15,1],[16,1,18,1],[19,1,21,1],[22,1,22,2],[23,1,23,2],[24,1,24,2],[25,1,25,2],[25,3,25,8]]}
["黔东南支队移动障碍物制作经费预算"]
["序号","项目","内容","规格","单位","数量","单价（元）","金额（元）","备注"]
[1,"高墙","防腐木","200cm×10cm×3.2cm","块",48,40,{"$f":"F3*G3","v":1920}]
[2,null,"槽钢","10cm","条",3,400,{"$f":"F4*G4","v":1200}]
[3,"矮墙","防腐木","200cm×10cm×3.2cm","块",25,40,1000]
[4,null,"槽钢","10cm","条",2,400,800]
[5,"水平  云梯","63镀锌圆管","510cm","根",2,120,240]
[6,null,"40镀锌管0.59米","59cm","跟",11,60,660]
[7,"高板","圆镀锌","φ8cm","根",2,560,1120]
[8,null,"防腐木","200cm×10cm×3.2cm","块",5,40,200]
[9,null,"槽钢","10cm","条",2,200,400]
[10,null,"支撑管","φ50","根",2,120,240]
[11,"独木桥","防腐木","700cm×10cm×3.2cm","项",4,40,160]
[12,null,"槽钢","10cm","条",2,400,800]
[13,null,"镀锌圆管","φ10cm×130cm","根",4,120,480]
[14,null,"底座圆盘",null,"个",3,60,180]
[15,"高台","镀锌管","150cm×φ8cm","根",4,120,{"$f":"F17*G17","v":480}]
[16,null,"角钢","40角钢","根",2,120,240]
[17,null,"防腐木","200cm×10cm×3.2cm","块",32,40,1280]
[18,"低台","镀锌管","100cm×φ8cm","根",4,100,400]
[19,null,"角钢","40角钢","根",2,120,240]
[20,null,"防腐木","200cm×10cm×3.2cm","块",32,40,1280]
[21,"油漆",null,null,"项",7,200,1400]
[22,"焊接",null,null,"项",7,200,1400]
[23,"小计",{"$nulls":5},{"$f":"SUM(H3:H24)","v":16120}]
[24,"合计",null,"96720.00元=16120.00元×6（含二、岑巩、台江、施秉、从江、榕江6个中队）"]

{"sheet":"Sheet2","index":1,"n_rows":0,"n_cols":0,"rows_kept":0}

{"sheet":"Sheet3","index":2,"n_rows":0,"n_cols":0,"rows_kept":0}